Loading...
| Literature - American | 0 | 12 | 0 | 1 | 120 | 84 | 118.58 | 3 | 9 | 0.00 | 0.00 |
| Philosophy | 0 | 12 | 0 | 0 | 120 | 41 | 85.67 | 5 | 11 | 0.00 | 0.00 |
| Social Science | 0 | 11 | 0 | 2 | 110 | 48 | 82.73 | 4 | 10 | 0.00 | 0.00 |
| Fine Arts - Other | 0 | 11 | 0 | 2 | 110 | 48 | 101.82 | 5 | 10 | 0.00 | 0.00 |
| Science - Biology | 0 | 9 | 0 | 2 | 90 | 47 | 101.44 | 3 | 5 | 0.00 | 0.00 |
| Fine Arts - Classical Music | 0 | 10 | 2 | 0 | 90 | 37 | 100.20 | 6 | 10 | 0.00 | 0.00 |
| History - American | 0 | 9 | 1 | 0 | 85 | 22 | 89.56 | 4 | 7 | 0.00 | 0.00 |
| Mythology | 0 | 8 | 1 | 2 | 75 | 77 | 118.50 | 1 | 5 | 0.00 | 0.00 |
| Literature - European | 0 | 8 | 2 | 1 | 70 | 63 | 101.75 | 4 | 7 | 0.00 | 0.00 |
| Fine Arts - Painting and Sculpture | 0 | 8 | 2 | 0 | 70 | 76 | 109.13 | 3 | 6 | 0.00 | 0.00 |
| History - European | 0 | 7 | 0 | 0 | 70 | 50 | 89.71 | 0 | 6 | 0.00 | 0.00 |
| History - World | 0 | 8 | 2 | 2 | 70 | 66 | 98.75 | 3 | 6 | 0.00 | 0.00 |
| Literature - World | 0 | 8 | 2 | 3 | 70 | 70 | 119.88 | 2 | 4 | 0.00 | 0.00 |
| Literature - British | 0 | 8 | 3 | 0 | 65 | 48 | 101.38 | 4 | 8 | 0.00 | 0.00 |
| Science - Chemistry | 0 | 7 | 1 | 2 | 65 | 60 | 110.00 | 2 | 5 | 0.00 | 0.00 |
| Religion | 0 | 6 | 0 | 1 | 60 | 93 | 124.83 | 1 | 4 | 0.00 | 0.00 |
| Science - Other | 0 | 5 | 0 | 0 | 50 | 104 | 113.20 | 1 | 5 | 0.00 | 0.00 |
| Science - Physics | 0 | 5 | 0 | 1 | 50 | 92 | 111.80 | 1 | 4 | 0.00 | 0.00 |
| History - Other | 0 | 5 | 3 | 1 | 35 | 105 | 117.60 | 2 | 3 | 0.00 | 0.00 |
| Geography | 0 | 3 | 0 | 0 | 30 | 84 | 93.67 | 0 | 3 | 0.00 | 0.00 |
| Pop Culture | 0 | 2 | 0 | 0 | 20 | 79 | 86.50 | 1 | 2 | 0.00 | 0.00 |
| Current Events | 0 | 2 | 0 | 0 | 20 | 77 | 95.00 | 0 | 0 | 0.00 | 0.00 |